Customs Convention on the Temporary Importation of Professional Equipment. Brussels, June 11, 1968, etc. Eng. & Fr. (Record no. 1840)

000 -LEADER
fixed length control field nam a22 a 4500
005 - DATE AND TIME OF LATEST TRANSACTION
control field 20170526100908.0
008 - FIXED-LENGTH DATA ELEMENTS--GENERAL INFORMATION
fixed length control field 170512|1963 be || |||| ||||| d
040 ## - CATALOGING SOURCE
Original cataloging agency AKMAL
082 ## - DEWEY DECIMAL CLASSIFICATION NUMBER
Classification number 343.0877026 CUS
090 ## - LOCALLY ASSIGNED LC-TYPE CALL NUMBER (OCLC); LOCAL CALL NUMBER (RLIN)
Classification number (OCLC) (R) ; Classification number, CALL (RLIN) (NR) 343.0877026
Local cutter number (OCLC) ; Book number/undivided call number, CALL (RLIN) CUS
245 10 - TITLE STATEMENT
Title Customs Convention on the Temporary Importation of Professional Equipment. Brussels, June 11, 1968, etc. Eng. & Fr.
260 ## - PUBLICATION, DISTRIBUTION, ETC.
Place of publication, distribution, etc. LONDON
Date of publication, distribution, etc. 1963
300 ## - PHYSICAL DESCRIPTION
Extent 31 p. ;
Dimensions 8º.
490 0# - SERIES STATEMENT
Series statement Foreign Office. Treaty Series. 1963. no. 62.
500 ## - GENERAL NOTE
General note England. Parliamentary Papers. Cmnd. 2125.
599 ## - LOCAL NOTE
Local Note DALAM PROSES
852 41 - LOCATION
Location British Library
Sublocation or collection HMNTS
942 ## - ADDED ENTRY ELEMENTS (KOHA)
Source of classification or shelving scheme
Koha item type Book
Holdings
Withdrawn status Lost status Source of classification or shelving scheme Damaged status Not for loan Collection code Home library Current library Shelving location Date acquired Inventory number Total Checkouts Full call number Barcode Date last seen Price effective from Koha item type
          NON-FICTION AKMAL Melaka AKMAL Melaka PINJAMAN 12.05.2017 304485   343.0877026 201705809 12.05.2017 12.05.2017 Book
Pusat Sumber Maklumat Dato' Haji Sarmin Md Hussin, Akademi Kastam Diraja Malaysia, Melaka
Tel: 06-2331106 | Faks: 06-2313787